|
|
|
|
| LEADER |
00000nam0a2200000 4500 |
| 001 |
306801 |
| 005 |
20231102001929.0 |
| 035 |
|
|
|a (RuTPU)RU\TPU\book\332078
|
| 035 |
|
|
|a RU\TPU\book\328765
|
| 090 |
|
|
|a 306801
|
| 100 |
|
|
|a 20151012d1983 k y0rusy50 ca
|
| 101 |
0 |
|
|a rus
|
| 102 |
|
|
|a RU
|
| 105 |
|
|
|a a z 001zy
|
| 200 |
1 |
|
|a Термодинамика и электродинамика сверхпроводников
|e [сборник научных трудов]
|f Академия наук СССР (АН СССР), Физический институт им. П. Н. Лебедева (ФИАН) ; гл. ред. Н. Г. Басов
|
| 210 |
|
|
|a Москва
|c Наука
|d 1983
|
| 215 |
|
|
|a 220 с.
|c ил.
|
| 225 |
1 |
|
|a Труды физического института им. П. Н. Лебедева (ФИАН)
|v Т. 148
|
| 320 |
|
|
|a Библиогр. в конце ст.
|
| 606 |
1 |
|
|a Сверхпроводники
|x Физика
|2 stltpush
|3 (RuTPU)RU\TPU\subj\54107
|9 72268
|
| 610 |
1 |
|
|a сверхпроводимость
|
| 610 |
1 |
|
|a электрон-фотонное взаимодействие
|
| 610 |
1 |
|
|a переходные металлы
|
| 610 |
1 |
|
|a туннельные исследования
|
| 610 |
1 |
|
|a неравновесные фононы
|
| 610 |
1 |
|
|a электроны
|
| 610 |
1 |
|
|a магнитные моменты
|
| 610 |
1 |
|
|a геликоидальное упорядочение
|
| 610 |
1 |
|
|a магнитное поле
|
| 610 |
1 |
|
|a джозефсоновские переходы
|
| 610 |
1 |
|
|a электродинамика
|
| 610 |
1 |
|
|a сверхпроводящие слабые связи
|
| 610 |
1 |
|
|a слабосвязанные системы
|
| 675 |
|
|
|a 538.94
|v 4
|
| 702 |
|
1 |
|a Басов
|b Н. Г.
|4 651
|
| 712 |
0 |
2 |
|a Академия наук СССР (АН СССР)
|b Физический институт им. П. Н. Лебедева (ФИАН)
|c (Москва)
|2 stltpush
|3 (RuTPU)RU\TPU\col\13766
|
| 801 |
|
1 |
|a RU
|b 63413507
|c 20090330
|g PSBO
|
| 801 |
|
2 |
|a RU
|b 63413507
|c 20210812
|g PSBO
|
| 942 |
|
|
|c BK
|